[Event "HUN-chT2 Charousek 1011"]
[Site "Hungary"]
[Date "2010.11.21"]
[Round "6"]
[White "Bali, Eszter"]
[Black "Nagybiro, Laszlo"]
[Result "1-0"]
[WhiteElo "1973"]
[BlackElo "1634"]
[PlyCount "53"]
[EventDate "2010.09.12"]
[EventType "team-tourn"]
[EventRounds "11"]
[EventCountry "HUN"]
[SourceTitle "EXT 2012"]
[Source "ChessBase"]
[SourceDate "2011.11.24"]
[SourceVersion "1"]
[SourceVersionDate "2011.11.24"]
[SourceQuality "1"]
[WhiteTeam "Csuti II"]
[BlackTeam "Decs II"]
[WhiteTeamCountry "HUN"]
[BlackTeamCountry "HUN"]

1. e4 e5 2. Nf3 Nc6 3. Bc4 Nf6 4. Ng5 d5 5. exd5 b5 6. Bf1 Qxd5 7. Nc3 Qc5 8. Nxb5 Qb6 9. Nc3 h6 10. Nge4 Nxe4 11. Nxe4 f5 12. Nc3 Bc5 13. Qe2 e4 14. Nd5 Qa5 15. Qb5 Kd7 16. a3 Qxb5 17. Bxb5 Bb7 18. b4 Bd4 19. c3 Be5 20. Ne3 Ke6 21. Bb2 Ne7 22. 0-0 Rhd8 23. Rad1 Ng6 24. g3 Bf6 25. Bc4+ Ke5 26. Bf7 Ne7 27. Nc4# 1-0

[Event "HUN-chT2 Charousek 0910"]
[Site "Hungary"]
[Date "2010.02.28"]
[Round "7"]
[White "Bali, Eszter"]
[Black "Fuad Kamel Jamaliah, Natalie"]
[Result "1-0"]
[WhiteElo "1986"]
[BlackElo "1947"]
[PlyCount "61"]
[EventDate "2009.11.08"]
[EventType "team-tourn"]
[EventRounds "11"]
[EventCountry "HUN"]
[SourceTitle "EXT 2011"]
[Source "ChessBase"]
[SourceDate "2010.11.26"]
[SourceVersion "1"]
[SourceVersionDate "2010.11.26"]
[SourceQuality "1"]
[WhiteTeam "Csuti II"]
[BlackTeam "Hobagoly"]
[WhiteTeamCountry "HUN"]
[BlackTeamCountry "HUN"]

1. e4 c5 2. Nf3 e6 3. d4 cxd4 4. Nxd4 Nf6 5. Nc3 d6 6. Be2 a6 7. 0-0 Be7 8. Kh1 0-0 9. f4 Qc7 10. Be3 Nbd7 11. Bf3 Rb8 12. g4 b5 13. g5 Ne8 14. a3 Bb7 15. Bg2 Nb6 16. Rf3 g6 17. Rh3 e5 18. Nf5 Nc4 19. Nxe7+ Qxe7 20. Bc1 exf4 21. Qf1 Qxg5 22. Bxf4 Qe7 23. Bh6 Ng7 24. a4 Bc6 25. axb5 axb5 26. Ra6 Rbc8 27. Rxc6 f5 28. Rxc8 Rxc8 29. Bxg7 Kxg7 30. exf5 Rf8 31. Nd5 1-0

[Event "HUN-chT2 Charousek 0910"]
[Site "Hungary"]
[Date "2010.01.31"]
[Round "5"]
[White "Bali, Eszter"]
[Black "Horvath, Imre2222"]
[Result "1-0"]
[WhiteElo "1986"]
[BlackElo "1955"]
[PlyCount "53"]
[EventDate "2009.11.08"]
[EventType "team-tourn"]
[EventRounds "11"]
[EventCountry "HUN"]
[SourceTitle "EXT 2011"]
[Source "ChessBase"]
[SourceDate "2010.11.26"]
[SourceVersion "1"]
[SourceVersionDate "2010.11.26"]
[SourceQuality "1"]
[WhiteTeam "Csuti II"]
[BlackTeam "Alsoszolnok"]
[WhiteTeamCountry "HUN"]
[BlackTeamCountry "HUN"]

1. e4 e6 2. d4 d5 3. Nc3 Bb4 4. exd5 exd5 5. Bf4 Nf6 6. Bd3 0-0 7. Nf3 Ne4 8. 0-0 Bxc3 9. bxc3 Bf5 10. c4 c6 11. cxd5 cxd5 12. Re1 Nc6 13. Qb1 g5 14. Bxe4 dxe4 15. Nxg5 Qxd4 16. Qxb7 Qc4 17. Qb3 Qxb3 18. cxb3 Nb4 19. Bd6 Nc2 20. Bxf8 Nxa1 21. Bc5 Rc8 22. Bxa7 Nc2 23. Rc1 Rd8 24. g4 Bxg4 25. Rxc2 Rd1+ 26. Kg2 h6 27. Nxe4 1-0

[Event "HUN-chT2 Szechenyi 0809"]
[Site "Hungary"]
[Date "2009.03.08"]
[Round "9.8"]
[White "Bali, Eszter"]
[Black "Bauer, Attila"]
[Result "0-1"]
[WhiteElo "1979"]
[BlackElo "1957"]
[PlyCount "46"]
[EventDate "2008.10.26"]
[EventType "team-tourn"]
[EventRounds "11"]
[EventCountry "HUN"]
[SourceTitle "EXT 2010"]
[Source "ChessBase"]
[SourceDate "2010.11.25"]
[SourceVersion "1"]
[SourceVersionDate "2010.11.25"]
[SourceQuality "1"]
[WhiteTeam "Baki Agrocentrum"]
[BlackTeam "Ajka Banyasz"]
[WhiteTeamCountry "HUN"]
[BlackTeamCountry "HUN"]

1. e4 e6 2. d4 d5 3. Nc3 dxe4 4. Nxe4 Nd7 5. Nf3 Ngf6 6. Bd3 Be7 7. 0-0 Nxe4 8. Bxe4 Nf6 9. Bd3 0-0 10. c3 b6 11. Ne5 Bb7 12. f4 c5 13. dxc5 Bxc5+ 14. Kh1 Qc7 15. Qe2 Rad8 16. Be3 g6 17. c4 Bd4 18. Bxd4 Rxd4 19. Rad1 Rfd8 20. h3 Qd6 21. Kg1 Be4 22. c5 Qxc5 23. Rc1 Rc4+ 0-1

[Event "HUN-chT2 Charousek 0809"]
[Site "Hungary"]
[Date "2008.11.02"]
[Round "2"]
[White "Bali, Eszter"]
[Black "Koban, Balint"]
[Result "0-1"]
[WhiteElo "1979"]
[BlackElo "2210"]
[PlyCount "84"]
[EventDate "2008.10.26"]
[EventType "team-tourn"]
[EventRounds "11"]
[EventCountry "HUN"]
[SourceTitle "EXT 2010"]
[Source "ChessBase"]
[SourceDate "2010.11.25"]
[SourceVersion "1"]
[SourceVersionDate "2010.11.25"]
[SourceQuality "1"]
[WhiteTeam "Csuti II"]
[BlackTeam "Aquaprofit II"]
[WhiteTeamCountry "HUN"]
[BlackTeamCountry "HUN"]

1. e4 c5 2. Nf3 d6 3. d4 cxd4 4. Nxd4 Nf6 5. Nc3 a6 6. Be2 e6 7. 0-0 Nc6 8. Kh1 Be7 9. f4 Qc7 10. Bf3 0-0 11. g4 Re8 12. Nde2 b5 13. Ng3 Bb7 14. Bg2 Bf8 15. Be3 Rac8 16. g5 Nd7 17. Nce2 Na5 18. c3 Nc4 19. Bc1 Nc5 20. b3 Nb6 21. f5 exf5 22. exf5 Bxg2+ 23. Kxg2 Qb7+ 24. Kg1 Ne4 25. Nxe4 Qxe4 26. Ng3 Qe5 27. Bb2 Qe3+ 28. Kh1 Qxg5 29. Rg1 d5 30. Qf1 Nd7 31. Qh3 Qe3 32. Qg2 Nf6 33. c4 d4 34. cxb5 axb5 35. Rad1 Rcd8 36. Bc1 Qe5 37. Bg5 Rc8 38. Bc1 Kh8 39. Bb2 Rcd8 40. Rd3 Ng4 41. Qd2 Qd5+ 42. Qg2 Nf2# 0-1

[Event "HUN-chT2 Charousek 0708"]
[Site "Hungary"]
[Date "2007.12.16"]
[Round "5"]
[White "Bali, Eszter"]
[Black "Valis, Janos"]
[Result "0-1"]
[WhiteElo "1919"]
[BlackElo "2149"]
[PlyCount "59"]
[EventDate "2007.10.14"]
[EventType "team"]
[EventRounds "11"]
[EventCountry "HUN"]
[SourceTitle "EXT 2009"]
[Source "ChessBase"]
[SourceDate "2008.11.26"]
[SourceVersion "1"]
[SourceVersionDate "2008.11.26"]
[SourceQuality "1"]
[WhiteTeam "Csuti II"]
[BlackTeam "Husi"]
[WhiteTeamCountry "HUN"]
[BlackTeamCountry "HUN"]

1. e4 d6 2. d4 g6 3. Be3 c6 4. Qd2 Nd7 5. Nc3 Bg7 6. Bd3 e5 7. Nce2 Ngf6 8. h3 0-0 9. Ng3 Re8 10. 0-0-0 d5 11. dxe5 Nxe5 12. f4 Nxd3+ 13. Qxd3 Nxe4 14. N1e2 Qa5 15. Kb1 c5 16. Rde1 Be6 17. a3 c4 18. Qd1 Qb5 19. Qc1 Nxg3 20. Nxg3 d4 21. Bf2 Red8 22. Ne4 Rac8 23. Bh4 c3 24. Nf6+ Kh8 25. Re5 Qb6 26. Rhe1 d3 27. cxd3 Bf5 28. Ne4 Rxd3 29. Bf2 Qb5 30. Ka2 0-1

[Event "HUN-chT2 Charousek 0708"]
[Site "Hungary"]
[Date "2007.11.25"]
[Round "3"]
[White "Szerenyi, Bence"]
[Black "Bali, Eszter"]
[Result "0-1"]
[WhiteElo "1880"]
[BlackElo "1919"]
[PlyCount "126"]
[EventDate "2007.10.14"]
[EventType "team"]
[EventRounds "11"]
[EventCountry "HUN"]
[SourceTitle "EXT 2009"]
[Source "ChessBase"]
[SourceDate "2008.11.26"]
[SourceVersion "1"]
[SourceVersionDate "2008.11.26"]
[SourceQuality "1"]
[WhiteTeam "Vizugy"]
[BlackTeam "Csuti II"]
[WhiteTeamCountry "HUN"]
[BlackTeamCountry "HUN"]

1. e4 e6 2. d4 d5 3. Nd2 dxe4 4. Nxe4 Bd7 5. Nf3 Bc6 6. Bd3 Bxe4 7. Bxe4 c6 8. c3 Nf6 9. Bc2 Bd6 10. Qe2 Nbd7 11. Bg5 Qc7 12. Rd1 0-0-0 13. 0-0 Rdg8 14. g3 h6 15. Bc1 g5 16. Rfe1 Ng4 17. Nd2 h5 18. Ne4 Be7 19. h3 Nh6 20. Qxh5 Nf6 21. Nxf6 Bxf6 22. Qf3 Be7 23. c4 Rg7 24. Qb3 Nf5 25. Bxf5 exf5 26. Kg2 f4 27. c5 Qd7 28. gxf4 gxf4+ 29. Kh2 Rgh7 30. Rd3 Rh4 31. Rg1 Bd8 32. Rf3 Bc7 33. Kg2 Qxd4 34. Qd3 Qxc5 35. Rd1 Rg8+ 36. Kf1 Rd8 37. Qe2 Rdh8 38. Qd3 Rd8 39. Qe2 Rxd1+ 40. Qxd1 Qc4+ 41. Kg1 Qxa2 42. Ra3 Qe6 43. Rxa7 Kb8 44. Ra3 Rxh3 45. Bxf4 Rxa3 46. Bxc7+ Kxc7 47. bxa3 Qg6+ 48. Kf1 Qd6 49. Qf3 Qd5 50. Qf4+ Kb6 51. Qe3+ Kb5 52. Qa7 c5 53. Qb8 Ka4 54. Qa7+ Kb3 55. Qa5 f5 56. a4 Qc4+ 57. Kg1 Qb4 58. Qa7 c4 59. a5 c3 60. Kg2 c2 61. Qe3+ Kb2 62. Qe5+ Qc3 63. Qb5+ Ka3 0-1

[Event "Szeged Cup (Women) 3rd"]
[Site "Szeged"]
[Date "2006.09.14"]
[Round "6"]
[White "Ruszin, Anna"]
[Black "Bali, Eszter"]
[Result "1-0"]
[WhiteElo "2091"]
[BlackElo "1958"]
[PlyCount "75"]
[EventDate "2006.09.10"]
[EventType "swiss"]
[EventRounds "9"]
[EventCountry "HUN"]
[SourceTitle "CBM 114 Extra"]
[Source "ChessBase"]
[SourceDate "2006.11.03"]
[SourceVersion "1"]
[SourceVersionDate "2006.11.03"]
[SourceQuality "1"]

1. e4 e6 2. d4 d5 3. Nd2 Be7 4. Bd3 c5 5. dxc5 Nd7 6. exd5 exd5 7. Nb3 Ngf6 8. Nf3 Nxc5 9. Nxc5 Bxc5 10. 0-0 0-0 11. h3 Qb6 12. c3 a5 13. Qc2 Re8 14. Bf4 Ne4 15. Rae1 Bf5 16. Be3 Bg6 17. Nd4 Re7 18. Rb1 f5 19. Rfe1 Rae8 20. a3 Qf6 21. Nxf5 Bxf5 22. Bxc5 Nxc5 23. Rxe7 Rxe7 24. Bxf5 a4 25. Bxh7+ Kf8 26. Rd1 Rd7 27. Qf5 b6 28. f3 Qxf5 29. Bxf5 Rd8 30. Kf2 Ke7 31. g4 Kf6 32. f4 g6 33. Bc2 Rd7 34. Kf3 Rd8 35. Bd3 Rd7 36. Bb5 Rd6 37. Rd4 Rd8 38. Bxa4 1-0

[Event "Szeged Cup (Women) 3rd"]
[Site "Szeged"]
[Date "2006.09.10"]
[Round "1"]
[White "Bali, Eszter"]
[Black "Foisor, Sabina Francesca"]
[Result "0-1"]
[WhiteElo "1958"]
[BlackElo "2292"]
[PlyCount "62"]
[EventDate "2006.09.10"]
[EventType "swiss"]
[EventRounds "9"]
[EventCountry "HUN"]
[SourceTitle "CBM 114 Extra"]
[Source "ChessBase"]
[SourceDate "2006.11.03"]
[SourceVersion "1"]
[SourceVersionDate "2006.11.03"]
[SourceQuality "1"]

1. e4 g6 2. d4 Bg7 3. Nc3 d6 4. Be3 a6 5. Qd2 Nd7 6. Nf3 b5 7. Bd3 Bb7 8. Ne2 c5 9. c3 Qc7 10. h3 e6 11. a4 c4 12. Bc2 Ne7 13. Ng3 h6 14. 0-0 Kf8 15. axb5 axb5 16. Rxa8+ Bxa8 17. Ra1 Bb7 18. b4 cxb3 19. Bxb3 Nb6 20. Qd3 Qc6 21. Nd2 d5 22. Rb1 dxe4 23. Qxe4 Ned5 24. Bxd5 Nxd5 25. Rc1 f5 26. Qf3 Qd7 27. Qe2 f4 28. Nge4 fxe3 29. fxe3 Ke7 30. Nc5 Qc6 31. e4 Nxc3 0-1

[Event "HUN-ch U16 Girls"]
[Site "Balatonlelle"]
[Date "2005.07.03"]
[Round "5"]
[White "Bali, Eszter"]
[Black "Ignacz, Rozsa"]
[Result "1-0"]
[WhiteElo "1872"]
[BlackElo "1859"]
[PlyCount "97"]
[EventDate "2005.06.29"]
[EventType "swiss"]
[EventRounds "9"]
[EventCountry "HUN"]
[SourceTitle "EXT 2008"]
[Source "ChessBase"]
[SourceDate "2007.11.25"]
[SourceVersion "1"]
[SourceVersionDate "2007.11.25"]
[SourceQuality "1"]

1. e4 c5 2. Nf3 Nc6 3. d4 cxd4 4. Nxd4 Nf6 5. Nc3 g6 6. Be2 Bg7 7. Be3 0-0 8. h3 b6 9. f4 Nxd4 10. Bxd4 Bb7 11. Bf3 Qc7 12. e5 Ne8 13. 0-0 Bc6 14. Qd2 d6 15. Nd5 Bxd5 16. Bxd5 Rc8 17. exd6 Nxd6 18. c3 Bxd4+ 19. Qxd4 Nf5 20. Qf2 Rfd8 21. Bb3 Rd6 22. Rad1 Rcd8 23. Bc2 Rxd1 24. Rxd1 Rxd1+ 25. Bxd1 Qc4 26. Bb3 Qd3 27. Bc2 Qb5 28. Bd1 Nd6 29. Qe2 Qc5+ 30. Qf2 Qf5 31. Bc2 Qb5 32. Bd1 Nb7 33. Qd2 Qc5+ 34. Qf2 Qd6 35. Bc2 Nc5 36. Qe3 Kg7 37. b4 Ne6 38. g3 Nd8 39. Bb3 Nc6 40. Ba4 Nd8 41. Bb3 h5 42. Kf2 Qd7 43. Qe5+ Kg8 44. Qe3 Nb7 45. Kg2 Nd6 46. Qd3 Qc7 47. Qxg6+ Kf8 48. Qd3 Qc8 49. Qd4 1-0

[Event "HUN-chT U20"]
[Site "Budapest"]
[Date "2004.12.30"]
[Round "6"]
[White "Dencsi, Tibor"]
[Black "Bali, Eszter"]
[Result "1-0"]
[WhiteElo "2275"]
[BlackElo "1893"]
[PlyCount "69"]
[EventDate "2004.12.27"]
[EventType "team"]
[EventRounds "7"]
[EventCountry "HUN"]
[SourceTitle "EXT 2008"]
[Source "ChessBase"]
[SourceDate "2007.11.25"]
[SourceVersion "1"]
[SourceVersionDate "2007.11.25"]
[SourceQuality "1"]

1. e4 e6 2. d4 d5 3. exd5 exd5 4. Nf3 Nf6 5. c4 Nbd7 6. Nc3 Nb6 7. c5 Nbd7 8. Bd3 Be7 9. 0-0 0-0 10. Bf4 c6 11. Re1 Re8 12. h3 b6 13. b4 a5 14. a3 Bb7 15. Qc2 bxc5 16. dxc5 Nf8 17. Nd4 Nh5 18. Bh2 g6 19. Nb3 axb4 20. axb4 Ne6 21. Rxa8 Bxa8 22. Ra1 Nhf4 23. Bf1 Bf6 24. Ra6 Bg7 25. Ne2 Nxe2+ 26. Bxe2 d4 27. Qd3 Qe7 28. Bf1 Rd8 29. Nd2 Nc7 30. Bd6 Rxd6 31. cxd6 Qxd6 32. Ra7 Be5 33. Nc4 Bh2+ 34. Kh1 Qf4 35. Qd2 1-0

[Event "HUN-chT U20"]
[Site "Budapest"]
[Date "2004.12.29"]
[Round "4"]
[White "Bali, Eszter"]
[Black "Fuad Kamel Jamaliah, Natalie"]
[Result "0-1"]
[WhiteElo "1893"]
[BlackElo "1956"]
[PlyCount "50"]
[EventDate "2004.12.27"]
[EventType "team"]
[EventRounds "7"]
[EventCountry "HUN"]
[SourceTitle "EXT 2008"]
[Source "ChessBase"]
[SourceDate "2007.11.25"]
[SourceVersion "1"]
[SourceVersionDate "2007.11.25"]
[SourceQuality "1"]

1. e4 c5 2. Nf3 e6 3. d4 cxd4 4. Nxd4 a6 5. Nc3 d6 6. Be2 Nf6 7. Be3 Be7 8. 0-0 Qc7 9. a4 b6 10. f4 Bb7 11. Bf3 Nbd7 12. Kh1 0-0 13. Qe1 Nc5 14. Bd2 Rfd8 15. b4 Ncd7 16. Rb1 Nf8 17. g4 d5 18. e5 Ne4 19. Qe3 Qd7 20. Bxe4 dxe4 21. Nce2 Qd5 22. Bc3 Rac8 23. Nb3 Qc6 24. f5 Bg5 25. Qg3 e3+ 0-1

[Event "HUN-chT U20"]
[Site "Budapest"]
[Date "2004.12.27"]
[Round "1"]
[White "Bali, Eszter"]
[Black "Weszelovszki, Gabor"]
[Result "1/2-1/2"]
[WhiteElo "1893"]
[BlackElo "1999"]
[PlyCount "57"]
[EventDate "2004.12.27"]
[EventType "team"]
[EventRounds "7"]
[EventCountry "HUN"]
[SourceTitle "EXT 2008"]
[Source "ChessBase"]
[SourceDate "2007.11.25"]
[SourceVersion "1"]
[SourceVersionDate "2007.11.25"]
[SourceQuality "1"]

1. e4 c5 2. Nf3 Nc6 3. d4 cxd4 4. Nxd4 g6 5. Nc3 Bg7 6. Be3 Nf6 7. Be2 0-0 8. 0-0 d5 9. exd5 Nxd5 10. Nxd5 Qxd5 11. Bf3 Qd7 12. Nxc6 bxc6 13. Qxd7 Bxd7 14. Rad1 Be6 15. Bc5 Bxb2 16. Bxe7 Rfc8 17. a4 Bc3 18. Bc5 Bc4 19. Rd6 Bxf1 20. Kxf1 Be5 21. Rd7 a5 22. g3 Rab8 23. Be2 Rb1+ 24. Kg2 Rc7 25. Rd8+ Kg7 26. Bc4 h5 27. Bb3 Bf6 28. Re8 Rd1 29. Bb6 1/2-1/2

[Event "HUN-chT2 Charousek 0405"]
[Site "Hungary"]
[Date "2004.10.10"]
[Round "2"]
[White "Zambo, Balazs"]
[Black "Bali, Eszter"]
[Result "1/2-1/2"]
[WhiteElo "1886"]
[BlackElo "1893"]
[PlyCount "41"]
[EventDate "2004.09.26"]
[EventType "team"]
[EventRounds "11"]
[EventCountry "HUN"]
[SourceTitle "EXT 2008"]
[Source "ChessBase"]
[SourceDate "2007.11.25"]
[SourceVersion "1"]
[SourceVersionDate "2007.11.25"]
[SourceQuality "1"]
[WhiteTeam "Lenti"]
[BlackTeam "Csuti II"]
[WhiteTeamCountry "HUN"]
[BlackTeamCountry "HUN"]

1. d4 d5 2. c4 e6 3. Nc3 Nf6 4. Nf3 c5 5. Bg5 cxd4 6. Bxf6 Qxf6 7. Qxd4 Qxd4 8. Nxd4 dxc4 9. e4 a6 10. Bxc4 b5 11. Bb3 Bc5 12. 0-0-0 Bb7 13. f3 Nc6 14. Nxc6 Bxc6 15. Bc2 0-0 16. e5 Rfd8 17. Rhe1 Bd4 18. Be4 Bxe4 19. Rxe4 Bxc3 20. bxc3 g6 21. Red4 1/2-1/2

[Event "Zalakaros op 23rd"]
[Site "Zalakaros"]
[Date "2004.05.21"]
[Round "8"]
[White "Piber, Vinko"]
[Black "Bali, Eszter"]
[Result "0-1"]
[WhiteElo "1998"]
[BlackElo "1862"]
[PlyCount "83"]
[EventDate "2004.05.14"]
[EventType "swiss"]
[EventRounds "9"]
[EventCountry "HUN"]
[SourceTitle "EXT 2008"]
[Source "ChessBase"]
[SourceDate "2007.11.25"]
[SourceVersion "1"]
[SourceVersionDate "2007.11.25"]
[SourceQuality "1"]

1. e4 e6 2. d4 d5 3. Nc3 Nf6 4. e5 Nfd7 5. f4 c5 6. Nf3 Nc6 7. Be3 cxd4 8. Nxd4 Bc5 9. Qd2 Nxd4 10. Bxd4 Bxd4 11. Qxd4 Qb6 12. 0-0-0 Qxd4 13. Rxd4 a6 14. a4 Nb8 15. Rb4 Nc6 16. Rb6 g5 17. g3 Rg8 18. Bh3 Rb8 19. f5 Nxe5 20. fxe6 Nc4 21. exf7+ Kxf7 22. Rh6 Kg7 23. Be6 Rf8 24. Rxh7+ Kxh7 25. Bxd5 Ne3 26. Be4+ Kg7 27. h4 gxh4 28. Rxh4 Bf5 29. Bxf5 Rxf5 30. Re4 Rd8 31. b4 Nd5 32. Ne2 Nb6 33. a5 Na4 34. Nf4 Rc8 35. Kd2 Nc3 36. Re3 Nd5 37. Re4 Nxf4 38. gxf4 Rcf8 39. Ke3 R8f6 40. c4 Kf7 41. b5 Re6 42. b6 0-1

[Event "Zalakaros op 23rd"]
[Site "Zalakaros"]
[Date "2004.05.20"]
[Round "7"]
[White "Bali, Eszter"]
[Black "Koban, Balint"]
[Result "1-0"]
[WhiteElo "1862"]
[BlackElo "1593"]
[PlyCount "101"]
[EventDate "2004.05.14"]
[EventType "swiss"]
[EventRounds "9"]
[EventCountry "HUN"]
[SourceTitle "EXT 2008"]
[Source "ChessBase"]
[SourceDate "2007.11.25"]
[SourceVersion "1"]
[SourceVersionDate "2007.11.25"]
[SourceQuality "1"]

1. e4 c5 2. Nf3 d6 3. d4 cxd4 4. Nxd4 Nf6 5. Nc3 a6 6. Be2 Nc6 7. Be3 e6 8. 0-0 Be7 9. a4 0-0 10. f4 Qc7 11. Kh1 Rd8 12. Qe1 Bd7 13. Qg3 Nxd4 14. Bxd4 Bc6 15. Rad1 b5 16. axb5 axb5 17. e5 dxe5 18. fxe5 Ne4 19. Nxe4 Bxe4 20. Qf2 Rf8 21. c3 Qc6 22. Qg3 Ra2 23. Rd2 Ba3 24. Bd3 Bxd3 25. Qxd3 Rxb2 26. Rxb2 Bxb2 27. Rb1 Ba3 28. Rxb5 Rd8 29. Qb1 h6 30. h3 Ra8 31. Rb8+ Rxb8 32. Qxb8+ Kh7 33. Qa7 Bc1 34. Qxf7 Qe4 35. Qf3 Qxf3 36. gxf3 Kg6 37. Kg2 Kf7 38. Kg3 g6 39. f4 Ke7 40. Kf3 Kd7 41. Be3 Bb2 42. Bd2 Kc6 43. Kg4 Kd5 44. h4 Kc4 45. h5 gxh5+ 46. Kxh5 Bxc3 47. Bxc3 Kxc3 48. Kxh6 Kd4 49. Kg6 Kc5 50. Kf6 Kd5 51. Ke7 1-0

[Event "Zalakaros op 23rd"]
[Site "Zalakaros"]
[Date "2004.05.18"]
[Round "5"]
[White "Bali, Eszter"]
[Black "Kiss, Judit"]
[Result "0-1"]
[WhiteElo "1862"]
[BlackElo "2142"]
[PlyCount "80"]
[EventDate "2004.05.14"]
[EventType "swiss"]
[EventRounds "9"]
[EventCountry "HUN"]
[SourceTitle "EXT 2008"]
[Source "ChessBase"]
[SourceDate "2007.11.25"]
[SourceVersion "1"]
[SourceVersionDate "2007.11.25"]
[SourceQuality "1"]

1. e4 e6 2. d4 d5 3. e5 b6 4. c3 Qd7 5. a4 a5 6. h4 Ne7 7. h5 c5 8. Nf3 Nbc6 9. Na3 cxd4 10. cxd4 Nf5 11. Nb5 Bb4+ 12. Bd2 0-0 13. g4 Nfe7 14. Rc1 Ba6 15. Bxb4 Nxb4 16. Nd6 Bxf1 17. Kxf1 f6 18. Kg2 fxe5 19. dxe5 Nbc6 20. Qe2 Rf4 21. Nh2 Raf8 22. Rhf1 d4 23. Rcd1 Nxe5 24. Qxe5 Nc6 25. Qe2 Qxd6 26. f3 Qd5 27. Rfe1 e5 28. Qb5 Rd8 29. Qxd5+ Rxd5 30. Re4 Rc5 31. Rd2 Rf8 32. g5 Rf5 33. Rg4 Nb4 34. Nf1 Nd5 35. Kf2 Rc1 36. Ng3 Rf8 37. Re4 Ne3 38. Ne2 Rf1+ 39. Kg3 R8xf3+ 40. Kh2 R1f2+ 0-1